Normal view
MARC view
Entry Uniform Title
001 - CONTROL NUMBER
- control field: 50944
003 - CONTROL NUMBER IDENTIFIER
- control field: dpl
005 - DATE AND TIME OF LATEST TRANSACTION
- control field: 20120809114522.0
008 - FIXED-LENGTH DATA ELEMENTS
- fixed length control field: 120809|||a|||||| | ||| d
040 ## - CATALOGING SOURCE
- Original cataloging agency: dpl
- Transcribing agency: dpl
130 ## - HEADING--UNIFORM TITLE
- Uniform title: People of India
- Form subdivision: XX
670 ## - SOURCE DATA FOUND
- Source citation: Work cat.: (dpl)68951: Delhi/, 1996
670 ## - SOURCE DATA FOUND
- Source citation: Work cat.: (dpl)68951: Delhi/, 1996
